Material change of use in the higher education world? (Record no. 80873)

MARC details
000 -LEADER
fixed length control field 00890cab a22001935a 4500
001 - CONTROL NUMBER
control field L145559
008 - FIXED-LENGTH DATA ELEMENTS--GENERAL INFORMATION
fixed length control field 081021s2008 xxk f g 000 0 eng d
035 ## - SYSTEM CONTROL NUMBER
System control number (Sirsi) u145559
041 0# - LANGUAGE CODE
Language code of text/sound track or separate title eng
100 1# - MAIN ENTRY--PERSONAL NAME
Personal name Samuels, Eric
245 00 - TITLE STATEMENT
Title Material change of use in the higher education world?
260 ## - PUBLICATION, DISTRIBUTION, ETC.
Date of publication, distribution, etc. 2008
490 ## - SERIES STATEMENT
Series statement Journal of Property Law
Volume/sequential designation Issue 8, 1090-1092(3)
520 ## - SUMMARY, ETC.
Summary, etc. Discusses the lack of clarity in relation to material and non-material changes of use, specifically as regards university campuses. Asserts that change of use is a matter of 'fact and degree' and suggests that change of use requests for seperate sections or 'hived off' areas off a campus are more likely to be granted than for areas integral to the main campus.
590 ## - LOCAL NOTE (RLIN)
Local note KA
651 #4 - SUBJECT ADDED ENTRY--GEOGRAPHIC NAME
Geographic name United Kingdom
Chronological subdivision
690 ## - LOCAL SUBJECT ADDED ENTRY--TOPICAL TERM (OCLC, RLIN)
Topical term or geographic name as entry element PROPERTY-COMMERCIAL PROPERTY-COMMERCIAL PROPERTY DEVELOPMENT
942 ## - ADDED ENTRY ELEMENTS (KOHA)
Suppress in OPAC 0
Holdings
Withdrawn status Lost status Source of classification or shelving scheme Damaged status Not for loan Home library Current library Shelving location Date acquired Total Checkouts Full call number Barcode Date last seen Copy number Price effective from Koha item type
    Dewey Decimal Classification     London London Journal article 21/10/2008   L145559 145559-1001 06/08/2019 1 06/08/2019 Journal article